Normal view
MARC view
- CONDICIONES RURALES
Entry Materia
001 - NÚMERO DE CONTROL DEL REGISTRO
- campo de control: 10908
003 - IDENTIFICADOR DE NUMERO DE CONTROL
- campo de control: UPN
005 - FECHA Y HORA DE LA ÚLTIMA TRANSACCIÓN
- campo de control: 20210219193750.0
008 - DATOS DE LONGITUD FIJA
- campo de control de longitud fija: nabaccnnaabn|||||||||| b |nc|||||d
035 ## - NÚMERO DE CONTROL DEL SISTEMA
- Número de control del sistema: UPN10000010915
040 ## - FUENTE DE LA CATALOGACIÓN
- Lengua de catalogación: SPA
- Agencia de transcripción: UPN
150 ## - ENCABEZAMIENTO - TEMÁTICO
- Término de materia o nombre geográfico como elemento inicial: CONDICIONES RURALES
670 ## - FUENTE EN LA QUE SE LOCALIZARON DATOS
- Cita de la fuente: E
680 ## - NOTA GENERAL CON DESPLIEGUE PÚBLICO
- Texto explicativo: Aquí se asientan los estudios descriptivos sobre las condiciones de vida en el campo. Las obras populares o literarias se asientan bajo
- Encabezamiento: VIDA RURAL.
- Texto explicativo: Los estudios o tratados sobre Teoría de la organización social en los distritos y comunidades rurales se asientan bajo
- Encabezamiento: SOCIOLOGIA RURAL
902 ## - CATALOGADOR
- Catalogador: LG/101096
